00829cam a2200265 a 45000010008000000030004000080050017000120080041000290100017000700200015000870200015001020400018001170500022001350820017001571000022001742450114001962600044003103000034003545000022003885040030004106500025004406500028004656500040004937000030005334241804OSt20160809155932.0830906s1984 flua b 001 0 eng  a 83015713  a0122874803 z0124402801 aDLCcDLCdDLC00aLB1028b.G55 198400a370/.7/82191 aPreissle, Judith.10aEthnography and qualitative design in educational research /cJudith Preissle Goetz, Margaret Diane LeCompte. aOrlando, Fla. :bAcademic Press,c1984. axii, 292 p. :bill. ;c24 cm. aIncludes indexes. aBibliography: p. 246-276. 0aEducationxResearch. 0aEthnologyxMethodology. 0aEducationxEvaluationxMethodology.1 aLeCompte, Margaret Diane.